| 000 | 00783nam a22002537a 4500 | ||
|---|---|---|---|
| 003 | dpl | ||
| 005 | 20170124110221.0 | ||
| 008 | 161212b xxu||||| |||| 00| 0 eng d | ||
| 010 | _aA-947392 | ||
| 020 |
_c00.00 _a8125012214 |
||
| 035 | _aA-947392 | ||
| 037 | _bCen Lib/Ret | ||
| 040 |
_aDPL _bEN _cTIT |
||
| 082 |
_a301 _bANT |
||
| 245 |
_aAnthropological journeys : _cedited by Meenakshi Thapan _breflections on fieldwork / |
||
| 260 |
_bOrient Longman _c1998 _aNew Delhi |
||
| 270 |
_bNew Delhi _a1/24, asaf ali road _e110002 |
||
| 300 |
_ax, 320p. _c21cm(Hb) |
||
| 500 | _aIncludes index | ||
| 650 |
_aAnthropology _xFieldwork _918531 |
||
| 650 |
_aEthnology _xFieldwork _918532 |
||
| 700 |
_aThapan, Meenakshi _915922 |
||
| 942 |
_2ddc _cEN _h301 _mANT |
||
| 999 |
_c134150 _d134150 |
||